| 000 | 00816nam a22002897a 4500 | ||
|---|---|---|---|
| 001 | BR2010005221 | ||
| 003 | BR-BrBNA | ||
| 005 | 20230928103421.0 | ||
| 007 | ta | ||
| 008 | 230509b bl.||||| |||| 00| 0 por d | ||
| 040 |
_aBR-BrBNA _bpor _cBiblioteca Nacional de Agricultura |
||
| 041 | _a(Por) | ||
| 072 | _aE50 | ||
| 090 | _ E50 BR2010005221 | ||
| 100 | 1 | _aTonet, R.M. | |
| 110 | 1 | _aCoordenadoria de Assistência Técnica Integral, Campinas, SP (Brasil) | |
| 245 | 1 | _aTurismo rural na agricultura familiar | |
| 260 | 3 |
_aCampinas, SP (Brasil): _c2008. |
|
| 300 | _a60 p. | ||
| 500 | _a30 ref.; 18 illus. | ||
| 650 | _aTURISMO | ||
| 650 | _aAGRICULTURA FAMILIAR | ||
| 650 | _aDESENVOLVIMENTO RURAL | ||
| 650 | _aPROJETO DE DESENVOLVIMENTO | ||
| 909 |
_a202309 _bLucia _c55 _dLucia Elande |
||
| 942 | _cBK | ||
| 999 |
_c75020 _d75020 |
||